| 000 | 00597nam a2200193Ia 4500 | ||
|---|---|---|---|
| 005 | 20250326142920.0 | ||
| 008 | 250326s9999 xx 000 0 und d | ||
| 020 | _a1 84064 998 4 | ||
| 037 | _aTextbook | ||
| 040 |
_aFMSL _beng _cFMSL |
||
| 041 |
_aeng _2eng |
||
| 084 |
_aX:89ZB P3 _qFMSL |
||
| 100 |
_aMundell R A _9736745 |
||
| 245 | 0 |
_aMonetary stabitity and economic growth: dialog between leading economists _cMundell R A; Zak P J |
|
| 260 |
_aUnited Kingdom _bUnited Kingdom, Edward Elgar _c2003 |
||
| 300 | _a180p | ||
| 942 |
_cTB _hX:89ZB P3 |
||
| 999 |
_c1297244 _d1297244 |
||